| 000 | 00457nam a2200181 a 4500 | ||
|---|---|---|---|
| 001 | 2773 | ||
| 005 | 20140414131903.0 | ||
| 008 | 050928s19uu xx 00 eng d | ||
| 020 | _a0-307-16184-6 | ||
| 050 |
_aFIC _bF22 1996 |
||
| 100 | _aErica Farber | ||
| 245 | _aThe blue ribbon mystery. | ||
| 260 |
_aNew : _bA Golden Book, _c1996. |
||
| 300 | _a68 p. : ill. ; cm. | ||
| 440 | _aLC + the Critter Kids | ||
| 700 | _aJ.R. Sansevere | ||
| 999 |
_c110758 _d110758 |
||